000 00457nam a22001817a 4500
005 20141007152741.0
010 _aENG-110988
020 _a9788184301755
_c250.00
035 _aEN-94520
037 _bDBAD/PUB
082 _aN
100 _aDas, Manoj
245 _aThe escapist /
_cby Manoj Das
260 _aNew Delhi
_bOcean Books
_c2013
270 _a4/19, Asaf Ali Road
_bNew Delhi
_e110002
300 _a208p.
_c22cm(Hb)
942 _2ddc
_cEN
_mDAS
_hN
999 _c89042
_d89042